000 00227nam a22000857a 4500
999 _c11453
_d11453
008 190524b ||||| |||| 00| 0 eng d
020 _a97893865163
100 _97176
_aKUMAR MANOJ
245 _aGREAT NATIONALIST SYAMA PRASAD MUKHERJEE